[Event "April 9 Early 2024"]
[Site "Chess.com"]
[Date "2024.04.09"]
[Round "6"]
[White "Kaminski, Victor"]
[Black "Ivanov, Aleksandr"]
[Result "1-0"]
[Board "219"]
[WhiteFideId "1131630"]
[BlackFideId "2092980"]
[WhiteElo "2345"]
[BlackElo "2208"]
[WhiteTeam "CAN"]
[BlackTeam "USA"]
[WhiteClock "0:00:04"]
[BlackClock "0:00:00"]
[Variant "Standard"]

1. d4 {[%clk 0:03:00]}  d5 {[%clk 0:02:56]} 2. c4 {[%clk 0:03:00]}  e6 {[%clk 0:02:53]} 3. Nc3 {[%clk 0:03:00]}  c6 {[%clk 0:02:53]} 4. e3 {[%clk 0:02:59]}  Nf6 {[%clk 0:02:52]} 5. Nf3 {[%clk 0:02:58]}  Nbd7 {[%clk 0:02:50]} 6. Qc2 {[%clk 0:02:58]}  dxc4 {[%clk 0:02:48]} 7. Bxc4 {[%clk 0:02:57]}  b5 {[%clk 0:02:48]} 8. Bd3 {[%clk 0:02:58]}  a6 {[%clk 0:02:46]} 9. a3 {[%clk 0:02:56]}  Bb7 {[%clk 0:02:45]} 10. O-O {[%clk 0:02:55]}  c5 {[%clk 0:02:45]} 11. dxc5 {[%clk 0:02:47]}  Nxc5 {[%clk 0:02:33]} 12. Be2 {[%clk 0:02:46]}  Be7 {[%clk 0:02:27]} 13. b4 {[%clk 0:02:45]}  Nce4 {[%clk 0:02:20]} 14. Nxe4 {[%clk 0:02:44]}  Bxe4 {[%clk 0:02:17]} 15. Qb3 {[%clk 0:02:36]}  O-O {[%clk 0:02:11]} 16. Rd1 {[%clk 0:02:36]}  Qc7 {[%clk 0:02:04]} 17. Bb2 {[%clk 0:02:32]}  Bc2 {[%clk 0:01:52]} 18. Rdc1 {[%clk 0:02:30]}  Bxb3 {[%clk 0:01:40]} 19. Rxc7 {[%clk 0:02:29]}  Bd6 {[%clk 0:01:31]} 20. Rc6 {[%clk 0:02:27]}  Rfd8 {[%clk 0:01:22]} 21. Bxf6 {[%clk 0:02:17]}  gxf6 {[%clk 0:01:21]} 22. Nd4 {[%clk 0:02:08]}  Bd5 {[%clk 0:01:19]} 23. Rc2 {[%clk 0:02:06]}  Rac8 {[%clk 0:01:16]} 24. Rac1 {[%clk 0:02:05]}  Bb7 {[%clk 0:01:08]} 25. Rxc8 {[%clk 0:02:01]}  Rxc8 {[%clk 0:01:08]} 26. Rxc8+ {[%clk 0:02:01]}  Bxc8 {[%clk 0:01:08]} 27. Nb3 {[%clk 0:01:38]}  Bb7 {[%clk 0:01:03]} 28. Nc5 {[%clk 0:01:36]}  Bxc5 {[%clk 0:00:58]} 29. bxc5 {[%clk 0:01:36]}  Kf8 {[%clk 0:00:58]} 30. Bd3 {[%clk 0:01:18]}  h6 {[%clk 0:00:55]} 31. Kf1 {[%clk 0:01:10]}  Ke7 {[%clk 0:00:54]} 32. f3 {[%clk 0:01:07]}  Kd7 {[%clk 0:00:48]} 33. Ke2 {[%clk 0:01:06]}  Bd5 {[%clk 0:00:43]} 34. e4 {[%clk 0:00:51]}  Bb3 {[%clk 0:00:43]} 35. Kd2 {[%clk 0:00:48]}  Kc6 {[%clk 0:00:43]} 36. Kc3 {[%clk 0:00:48]}  Bd1 {[%clk 0:00:31]} 37. Kb4 {[%clk 0:00:48]}  Ba4 {[%clk 0:00:18]} 38. e5 {[%clk 0:00:27]}  fxe5 {[%clk 0:00:17]} 39. Be4+ {[%clk 0:00:27]}  Kc7 {[%clk 0:00:15]} 40. g4 {[%clk 0:00:27]}  Bd1 {[%clk 0:00:10]} 41. Ka5 {[%clk 0:00:17]}  f5 {[%clk 0:00:10]} 42. gxf5 {[%clk 0:00:15]}  exf5 {[%clk 0:00:10]} 43. Bd5 {[%clk 0:00:09]}  Be2 {[%clk 0:00:03]} 44. h4 {[%clk 0:00:08]}  Bd3 {[%clk 0:00:00]} 45. a4 {[%clk 0:00:04]} 1-0

[Event "April 9 Early 2024"]
[Site "Chess.com"]
[Date "2024.04.09"]
[Round "6"]
[White "Guzman Lozano, Campo Elias"]
[Black "Jelcic, Marko"]
[Result "1-0"]
[Board "221"]
[WhiteFideId "4403746"]
[BlackFideId "14406489"]
[WhiteTitle "CM"]
[BlackTitle "CM"]
[WhiteElo "2188"]
[BlackElo "2342"]
[WhiteTeam "COL"]
[BlackTeam "BIH"]
[WhiteClock "0:01:14"]
[BlackClock "0:00:50"]
[Variant "Standard"]

1. Nc3 {[%clk 0:03:00]}  d5 {[%clk 0:02:59]} 2. d4 {[%clk 0:02:59]}  Nf6 {[%clk 0:02:58]} 3. Bf4 {[%clk 0:02:59]}  c6 {[%clk 0:02:54]} 4. e3 {[%clk 0:02:58]}  e6 {[%clk 0:02:47]} 5. Nf3 {[%clk 0:02:56]}  Bb4 {[%clk 0:02:47]} 6. Bd3 {[%clk 0:02:52]}  Qa5 {[%clk 0:02:43]} 7. O-O {[%clk 0:02:43]}  Bxc3 {[%clk 0:02:42]} 8. bxc3 {[%clk 0:02:42]}  Qxc3 {[%clk 0:02:42]} 9. a4 {[%clk 0:02:42]}  O-O {[%clk 0:02:42]} 10. Qe2 {[%clk 0:02:41]}  Qb4 {[%clk 0:02:36]} 11. a5 {[%clk 0:02:34]}  Qe7 {[%clk 0:02:35]} 12. h3 {[%clk 0:02:32]}  Nbd7 {[%clk 0:02:35]} 13. Rfb1 {[%clk 0:02:28]}  Ne4 {[%clk 0:02:29]} 14. Bxe4 {[%clk 0:02:19]}  dxe4 {[%clk 0:02:29]} 15. Nd2 {[%clk 0:02:19]}  f5 {[%clk 0:02:26]} 16. Nc4 {[%clk 0:02:18]}  Qf7 {[%clk 0:02:16]} 17. Nd6 {[%clk 0:02:14]}  Qf6 {[%clk 0:02:12]} 18. Nxb7 {[%clk 0:02:10]}  e5 {[%clk 0:02:09]} 19. dxe5 {[%clk 0:02:02]}  Nxe5 {[%clk 0:02:09]} 20. Bxe5 {[%clk 0:02:02]}  Qxe5 {[%clk 0:02:08]} 21. Qc4+ {[%clk 0:01:56]}  Be6 {[%clk 0:02:07]} 22. Qxc6 {[%clk 0:01:56]}  Rac8 {[%clk 0:02:00]} 23. Qd6 {[%clk 0:01:56]}  Qxd6 {[%clk 0:01:55]} 24. Nxd6 {[%clk 0:01:55]}  Rxc2 {[%clk 0:01:55]} 25. Rb7 {[%clk 0:01:55]}  Rc6 {[%clk 0:01:54]} 26. Nb5 {[%clk 0:01:52]}  a6 {[%clk 0:01:51]} 27. Nd4 {[%clk 0:01:52]}  Rd6 {[%clk 0:01:51]} 28. Rb6 {[%clk 0:01:52]}  Rxb6 {[%clk 0:01:36]} 29. axb6 {[%clk 0:01:51]}  Bc4 {[%clk 0:01:35]} 30. Rc1 {[%clk 0:01:47]}  Bd5 {[%clk 0:01:30]} 31. Rc5 {[%clk 0:01:44]}  Rd8 {[%clk 0:01:29]} 32. Nxf5 {[%clk 0:01:39]}  Kf8 {[%clk 0:01:17]} 33. Rc7 {[%clk 0:01:34]}  g6 {[%clk 0:01:18]} 34. Ne7 {[%clk 0:01:22]}  Be6 {[%clk 0:01:10]} 35. Nc6 {[%clk 0:01:21]}  Rc8 {[%clk 0:01:09]} 36. Na7 {[%clk 0:01:18]}  Rb8 {[%clk 0:01:06]} 37. b7 {[%clk 0:01:16]}  Ke8 {[%clk 0:00:50]} 38. Nc6 {[%clk 0:01:14]} 1-0

[Event "April 9 Early 2024"]
[Site "Chess.com"]
[Date "2024.04.09"]
[Round "6"]
[White "Morales Carlos"]
[Black "Guevara Sanchez, Erick Marvin"]
[Result "1-0"]
[Board "223"]
[WhiteFideId "6706754"]
[BlackFideId "6700136"]
[WhiteTitle "FM"]
[BlackTitle "FM"]
[WhiteElo "2339"]
[BlackElo "2181"]
[WhiteTeam "ESA"]
[BlackTeam "ESA"]
[WhiteClock "0:00:48"]
[BlackClock "0:00:17"]
[Variant "Standard"]

1. e4 {[%clk 0:02:58]}  c5 {[%clk 0:02:58]} 2. Nf3 {[%clk 0:02:58]}  e6 {[%clk 0:02:58]} 3. c3 {[%clk 0:02:57]}  d5 {[%clk 0:02:56]} 4. exd5 {[%clk 0:02:57]}  exd5 {[%clk 0:02:57]} 5. d4 {[%clk 0:02:57]}  Nc6 {[%clk 0:02:57]} 6. Bb5 {[%clk 0:02:55]}  Nf6 {[%clk 0:02:49]} 7. O-O {[%clk 0:02:55]}  Be7 {[%clk 0:02:48]} 8. dxc5 {[%clk 0:02:54]}  O-O {[%clk 0:02:45]} 9. b4 {[%clk 0:02:50]}  Ne4 {[%clk 0:02:44]} 10. Bb2 {[%clk 0:02:47]}  Bg4 {[%clk 0:02:43]} 11. h3 {[%clk 0:02:45]}  Bh5 {[%clk 0:02:43]} 12. a3 {[%clk 0:02:43]}  Ne5 {[%clk 0:02:29]} 13. Be2 {[%clk 0:02:37]}  Ng6 {[%clk 0:02:25]} 14. Nfd2 {[%clk 0:01:58]}  Bxe2 {[%clk 0:02:19]} 15. Qxe2 {[%clk 0:01:59]}  Nf4 {[%clk 0:02:19]} 16. Qf3 {[%clk 0:01:57]}  Bg5 {[%clk 0:01:59]} 17. Nxe4 {[%clk 0:01:34]}  dxe4 {[%clk 0:02:00]} 18. Qxe4 {[%clk 0:01:34]}  Re8 {[%clk 0:02:01]} 19. Qxb7 {[%clk 0:01:32]}  Re6 {[%clk 0:01:36]} 20. Qf3 {[%clk 0:01:25]}  Rc8 {[%clk 0:01:24]} 21. c4 {[%clk 0:01:18]}  Rg6 {[%clk 0:01:17]} 22. Rd1 {[%clk 0:01:07]}  Qe7 {[%clk 0:01:06]} 23. Nc3 {[%clk 0:01:06]}  Bh6 {[%clk 0:00:49]} 24. Nd5 {[%clk 0:00:58]}  Rxg2+ {[%clk 0:00:25]} 25. Qxg2 {[%clk 0:00:57]}  Qh4 {[%clk 0:00:24]} 26. Nxf4 {[%clk 0:00:52]}  Qxf4 {[%clk 0:00:22]} 27. Qg4 {[%clk 0:00:52]}  Qc7 {[%clk 0:00:21]} 28. Rd7 {[%clk 0:00:51]}  Qc6 {[%clk 0:00:21]} 29. Rad1 {[%clk 0:00:50]}  f6 {[%clk 0:00:17]} 30. Rd8+ {[%clk 0:00:48]} 1-0

[Event "April 9 Early 2024"]
[Site "Chess.com"]
[Date "2024.04.09"]
[Round "6"]
[White "Stojanovski, Sandi"]
[Black "Ho, In Hei Henry"]
[Result "1-0"]
[Board "224"]
[WhiteFideId "1403249"]
[BlackFideId "6002552"]
[WhiteTitle "FM"]
[BlackTitle "FM"]
[WhiteElo "2323"]
[BlackElo "2156"]
[WhiteTeam "DEN"]
[BlackTeam "HKG"]
[WhiteClock "0:00:17"]
[BlackClock "0:00:32"]
[Variant "Standard"]

1. d4 {[%clk 0:02:57]}  Nf6 {[%clk 0:02:59]} 2. c4 {[%clk 0:02:57]}  e6 {[%clk 0:03:00]} 3. Nc3 {[%clk 0:02:57]}  d5 {[%clk 0:03:01]} 4. Bg5 {[%clk 0:02:55]}  Be7 {[%clk 0:03:01]} 5. e3 {[%clk 0:02:54]}  O-O {[%clk 0:03:00]} 6. Nf3 {[%clk 0:02:55]}  c6 {[%clk 0:03:01]} 7. a3 {[%clk 0:02:51]}  Nbd7 {[%clk 0:03:01]} 8. Bd3 {[%clk 0:02:50]}  h6 {[%clk 0:03:00]} 9. Bh4 {[%clk 0:02:50]}  Ne8 {[%clk 0:02:59]} 10. Bxe7 {[%clk 0:02:29]}  Qxe7 {[%clk 0:03:00]} 11. O-O {[%clk 0:02:30]}  b6 {[%clk 0:02:56]} 12. cxd5 {[%clk 0:01:57]}  cxd5 {[%clk 0:02:55]} 13. Qe2 {[%clk 0:01:57]}  Bb7 {[%clk 0:02:52]} 14. Rfc1 {[%clk 0:01:56]}  Nef6 {[%clk 0:02:50]} 15. Ba6 {[%clk 0:01:49]}  Bxa6 {[%clk 0:02:44]} 16. Qxa6 {[%clk 0:01:49]}  Rfc8 {[%clk 0:02:21]} 17. Rc2 {[%clk 0:01:48]}  Ne4 {[%clk 0:02:17]} 18. Nxd5 {[%clk 0:01:38]}  exd5 {[%clk 0:02:02]} 19. Rxc8+ {[%clk 0:01:35]}  Rxc8 {[%clk 0:02:00]} 20. Qxc8+ {[%clk 0:01:36]}  Kh7 {[%clk 0:02:00]} 21. Qb7 {[%clk 0:01:29]}  a5 {[%clk 0:01:54]} 22. Rc1 {[%clk 0:01:13]}  Nef6 {[%clk 0:01:49]} 23. Ne5 {[%clk 0:01:09]}  Qe6 {[%clk 0:01:49]} 24. Qc6 {[%clk 0:00:47]}  Qf5 {[%clk 0:01:43]} 25. Nxd7 {[%clk 0:00:46]}  Nxd7 {[%clk 0:01:42]} 26. h3 {[%clk 0:00:46]}  Nf6 {[%clk 0:01:37]} 27. Qxb6 {[%clk 0:00:39]}  Ne4 {[%clk 0:01:35]} 28. Rf1 {[%clk 0:00:29]}  Nd2 {[%clk 0:01:34]} 29. Qxa5 {[%clk 0:00:20]}  Nxf1 {[%clk 0:01:30]} 30. Kxf1 {[%clk 0:00:21]}  Qb1+ {[%clk 0:01:29]} 31. Ke2 {[%clk 0:00:17]}  Qxb2+ {[%clk 0:01:28]} 32. Kf3 {[%clk 0:00:17]}  Qb3 {[%clk 0:01:22]} 33. Kg3 {[%clk 0:00:16]}  Qa2 {[%clk 0:01:20]} 34. Qb4 {[%clk 0:00:11]}  Qc2 {[%clk 0:01:15]} 35. a4 {[%clk 0:00:08]}  Qg6+ {[%clk 0:01:15]} 36. Kh2 {[%clk 0:00:08]}  Qf5 {[%clk 0:01:15]} 37. Qb2 {[%clk 0:00:07]}  g5 {[%clk 0:01:13]} 38. Qa2 {[%clk 0:00:07]}  g4 {[%clk 0:01:12]} 39. hxg4 {[%clk 0:00:06]}  Qxg4 {[%clk 0:01:12]} 40. Qd2 {[%clk 0:00:05]}  h5 {[%clk 0:01:09]} 41. a5 {[%clk 0:00:05]}  Qh4+ {[%clk 0:01:08]} 42. Kg1 {[%clk 0:00:05]}  Qf6 {[%clk 0:01:07]} 43. Qc2+ {[%clk 0:00:05]}  Kg7 {[%clk 0:01:05]} 44. Qe2 {[%clk 0:00:05]}  h4 {[%clk 0:01:05]} 45. a6 {[%clk 0:00:05]}  h3 {[%clk 0:01:03]} 46. Qg4+ {[%clk 0:00:05]}  Kf8 {[%clk 0:01:02]} 47. Qxh3 {[%clk 0:00:05]}  Qxa6 {[%clk 0:01:02]} 48. Qf3 {[%clk 0:00:06]}  Qa1+ {[%clk 0:01:02]} 49. Kh2 {[%clk 0:00:06]}  Qa2 {[%clk 0:01:01]} 50. g3 {[%clk 0:00:07]}  Ke7 {[%clk 0:01:00]} 51. Kg2 {[%clk 0:00:08]}  Qc4 {[%clk 0:01:00]} 52. Qf4 {[%clk 0:00:09]}  Qb3 {[%clk 0:00:59]} 53. Qf3 {[%clk 0:00:10]}  Qc4 {[%clk 0:00:59]} 54. g4 {[%clk 0:00:11]}  f6 {[%clk 0:00:58]} 55. Qf5 {[%clk 0:00:11]}  Kf7 {[%clk 0:00:58]} 56. Qf4 {[%clk 0:00:10]}  Kg6 {[%clk 0:00:57]} 57. Qf3 {[%clk 0:00:11]}  Qa2 {[%clk 0:00:54]} 58. Qh3 {[%clk 0:00:12]}  Qe2 {[%clk 0:00:51]} 59. Qh5+ {[%clk 0:00:13]}  Kg7 {[%clk 0:00:51]} 60. Qf5 {[%clk 0:00:13]}  Kf7 {[%clk 0:00:44]} 61. g5 {[%clk 0:00:13]}  Qc4 {[%clk 0:00:34]} 62. Qxf6+ {[%clk 0:00:13]}  Ke8 {[%clk 0:00:35]} 63. g6 {[%clk 0:00:14]}  Qc7 {[%clk 0:00:33]} 64. Qf7+ {[%clk 0:00:14]}  Qxf7 {[%clk 0:00:33]} 65. gxf7+ {[%clk 0:00:14]}  Kxf7 {[%clk 0:00:33]} 66. Kf3 {[%clk 0:00:15]}  Ke6 {[%clk 0:00:34]} 67. Kf4 {[%clk 0:00:16]}  Kf6 {[%clk 0:00:34]} 68. f3 {[%clk 0:00:16]}  Ke6 {[%clk 0:00:34]} 69. Kg5 {[%clk 0:00:17]}  Kf7 {[%clk 0:00:32]} 70. Kf5 {[%clk 0:00:17]} 1-0

[Event "April 9 Early 2024"]
[Site "Chess.com"]
[Date "2024.04.09"]
[Round "6"]
[White "Bielinski, Dariusz"]
[Black "Pirvulescu, Ekaterina"]
[Result "0-1"]
[Board "225"]
[WhiteFideId "1109383"]
[BlackFideId "13506374"]
[WhiteTitle "CM"]
[BlackTitle "WFM"]
[WhiteElo "2321"]
[BlackElo "2135"]
[WhiteTeam "POL"]
[BlackTeam "ROU"]
[WhiteClock "0:00:00"]
[BlackClock "0:00:11"]
[Variant "Standard"]

1. c4 {[%clk 0:03:00]}  d6 {[%clk 0:02:57]} 2. Nc3 {[%clk 0:02:58]}  g6 {[%clk 0:02:57]} 3. g3 {[%clk 0:02:57]}  Bg7 {[%clk 0:02:57]} 4. Bg2 {[%clk 0:02:57]}  e6 {[%clk 0:02:57]} 5. d4 {[%clk 0:02:55]}  Ne7 {[%clk 0:02:57]} 6. e4 {[%clk 0:02:54]}  O-O {[%clk 0:02:58]} 7. Nge2 {[%clk 0:02:52]}  c5 {[%clk 0:02:55]} 8. O-O {[%clk 0:02:49]}  Nbc6 {[%clk 0:02:51]} 9. Be3 {[%clk 0:02:46]}  Rb8 {[%clk 0:02:47]} 10. dxc5 {[%clk 0:02:44]}  dxc5 {[%clk 0:02:46]} 11. Qxd8 {[%clk 0:02:40]}  Rxd8 {[%clk 0:02:44]} 12. Bxc5 {[%clk 0:02:40]}  b6 {[%clk 0:02:44]} 13. Be3 {[%clk 0:02:33]}  Ba6 {[%clk 0:02:44]} 14. b3 {[%clk 0:02:32]}  b5 {[%clk 0:02:30]} 15. cxb5 {[%clk 0:02:26]}  Bxb5 {[%clk 0:02:29]} 16. Rac1 {[%clk 0:02:16]}  Bd3 {[%clk 0:02:26]} 17. Rfd1 {[%clk 0:02:11]}  a5 {[%clk 0:02:21]} 18. Bf1 {[%clk 0:01:50]}  Nb4 {[%clk 0:02:17]} 19. Nf4 {[%clk 0:01:06]}  Bxc3 {[%clk 0:01:51]} 20. Rxc3 {[%clk 0:01:02]}  Bxf1 {[%clk 0:01:42]} 21. Rxd8+ {[%clk 0:01:01]}  Rxd8 {[%clk 0:01:42]} 22. Kxf1 {[%clk 0:01:02]}  Nxa2 {[%clk 0:01:24]} 23. Rc7 {[%clk 0:00:58]}  Nc8 {[%clk 0:01:23]} 24. Ke2 {[%clk 0:00:41]}  Nd6 {[%clk 0:01:15]} 25. f3 {[%clk 0:00:40]}  Ra8 {[%clk 0:01:08]} 26. Nd3 {[%clk 0:00:35]}  Nb5 {[%clk 0:00:55]} 27. Rb7 {[%clk 0:00:33]}  Nd6 {[%clk 0:00:44]} 28. Rd7 {[%clk 0:00:33]}  Nb5 {[%clk 0:00:44]} 29. Nc5 {[%clk 0:00:25]}  Nb4 {[%clk 0:00:41]} 30. h4 {[%clk 0:00:23]}  h5 {[%clk 0:00:24]} 31. g4 {[%clk 0:00:23]}  Na7 {[%clk 0:00:18]} 32. gxh5 {[%clk 0:00:21]}  gxh5 {[%clk 0:00:17]} 33. f4 {[%clk 0:00:20]}  Nac6 {[%clk 0:00:17]} 34. Kf3 {[%clk 0:00:19]}  Rd8 {[%clk 0:00:16]} 35. Rxd8+ {[%clk 0:00:16]}  Nxd8 {[%clk 0:00:17]} 36. Bd2 {[%clk 0:00:15]}  Ndc6 {[%clk 0:00:17]} 37. Bxb4 {[%clk 0:00:15]}  axb4 {[%clk 0:00:16]} 38. Nd3 {[%clk 0:00:15]}  Nd4+ {[%clk 0:00:15]} 39. Ke3 {[%clk 0:00:15]}  Nxb3 {[%clk 0:00:16]} 40. Nxb4 {[%clk 0:00:15]}  Nc5 {[%clk 0:00:16]} 41. e5 {[%clk 0:00:15]}  Nd7 {[%clk 0:00:16]} 42. Nd3 {[%clk 0:00:15]}  Nf8 {[%clk 0:00:16]} 43. Ke4 {[%clk 0:00:16]}  Ng6 {[%clk 0:00:16]} 44. f5 {[%clk 0:00:15]}  exf5+ {[%clk 0:00:16]} 45. Kxf5 {[%clk 0:00:16]}  Nxh4+ {[%clk 0:00:16]} 46. Kg5 {[%clk 0:00:16]}  Ng6 {[%clk 0:00:16]} 47. e6 {[%clk 0:00:16]}  fxe6 {[%clk 0:00:15]} 48. Kxg6 {[%clk 0:00:15]}  h4 {[%clk 0:00:16]} 49. Nf4 {[%clk 0:00:13]}  e5 {[%clk 0:00:16]} 50. Nh3 {[%clk 0:00:13]}  e4 {[%clk 0:00:16]} 51. Kg5 {[%clk 0:00:13]}  e3 {[%clk 0:00:15]} 52. Ng1 {[%clk 0:00:07]}  h3 {[%clk 0:00:13]} 53. Nxh3 {[%clk 0:00:02]}  e2 {[%clk 0:00:14]} 54. Nf4 {[%clk 0:00:02]}  e1=Q {[%clk 0:00:14]} 55. Nh5 {[%clk 0:00:03]}  Qg1+ {[%clk 0:00:12]} 56. Kf5 {[%clk 0:00:03]}  Qc5+ {[%clk 0:00:12]} 57. Kg4 {[%clk 0:00:02]}  Kh7 {[%clk 0:00:11]} 58. Nf4 {[%clk 0:00:03]}  Kh6 {[%clk 0:00:11]} 59. Ng2 {[%clk 0:00:03]}  Qd4+ {[%clk 0:00:11]} 60. Kg3 {[%clk 0:00:03]}  Kg5 {[%clk 0:00:11]} 61. Kf3 {[%clk 0:00:02]}  Qd3+ {[%clk 0:00:11]} 62. Kf2 {[%clk 0:00:01]}  Kg4 {[%clk 0:00:11]} 63. Ne3+ {[%clk 0:00:02]}  Kf4 {[%clk 0:00:11]} 64. Ng2+ {[%clk 0:00:00]}  Ke4 {[%clk 0:00:11]} 0-1

[Event "April 9 Early 2024"]
[Site "Chess.com"]
[Date "2024.04.09"]
[Round "6"]
[White "Freile Martin, Javier"]
[Black "Winkels, Marcel"]
[Result "1-0"]
[Board "228"]
[WhiteFideId "3600165"]
[BlackFideId "1003887"]
[WhiteTitle "FM"]
[BlackTitle "CM"]
[WhiteElo "2311"]
[BlackElo "2046"]
[WhiteTeam "ECU"]
[BlackTeam "NED"]
[WhiteClock "0:00:45"]
[BlackClock "0:00:00"]
[Variant "Standard"]

1. c4 {[%clk 0:03:00]}  e5 {[%clk 0:02:57]} 2. Nc3 {[%clk 0:02:59]}  Nc6 {[%clk 0:02:58]} 3. Nf3 {[%clk 0:02:59]}  Bc5 {[%clk 0:02:52]} 4. e3 {[%clk 0:02:57]}  d6 {[%clk 0:02:52]} 5. a3 {[%clk 0:02:56]}  a5 {[%clk 0:02:50]} 6. h3 {[%clk 0:02:55]}  f5 {[%clk 0:02:37]} 7. d4 {[%clk 0:02:52]}  Bb6 {[%clk 0:02:27]} 8. c5 {[%clk 0:02:50]}  Ba7 {[%clk 0:02:23]} 9. cxd6 {[%clk 0:02:47]}  cxd6 {[%clk 0:02:22]} 10. dxe5 {[%clk 0:02:43]}  dxe5 {[%clk 0:02:21]} 11. Qxd8+ {[%clk 0:02:41]}  Kxd8 {[%clk 0:02:21]} 12. Bb5 {[%clk 0:02:36]}  e4 {[%clk 0:01:51]} 13. Bxc6 {[%clk 0:02:34]}  bxc6 {[%clk 0:01:50]} 14. Ne5 {[%clk 0:02:34]}  Be6 {[%clk 0:01:20]} 15. Nxc6+ {[%clk 0:02:33]}  Kd7 {[%clk 0:01:14]} 16. Nxa7 {[%clk 0:02:32]}  Rxa7 {[%clk 0:01:13]} 17. Nb5 {[%clk 0:02:30]}  Rb7 {[%clk 0:01:10]} 18. Nd4 {[%clk 0:02:30]}  Ne7 {[%clk 0:01:04]} 19. Bd2 {[%clk 0:02:27]}  Rxb2 {[%clk 0:00:58]} 20. Bxa5 {[%clk 0:02:26]}  Bc4 {[%clk 0:00:49]} 21. O-O-O {[%clk 0:02:15]}  Rhb8 {[%clk 0:00:17]} 22. Bb4 {[%clk 0:02:10]}  Ra2 {[%clk 0:00:14]} 23. Bxe7 {[%clk 0:01:56]}  Rbb2 {[%clk 0:00:08]} 24. Bb4 {[%clk 0:01:38]}  Bd3 {[%clk 0:00:08]} 25. Rxd3 {[%clk 0:01:05]}  exd3 {[%clk 0:00:09]} 26. Rd1 {[%clk 0:00:52]}  Rxf2 {[%clk 0:00:06]} 27. Bc3 {[%clk 0:00:50]}  Rac2+ {[%clk 0:00:04]} 28. Kb1 {[%clk 0:00:49]}  Rxc3 {[%clk 0:00:02]} 29. Nb5 {[%clk 0:00:47]}  Rb3+ {[%clk 0:00:02]} 30. Kc1 {[%clk 0:00:46]}  Rxb5 {[%clk 0:00:00]} 31. Rxd3+ {[%clk 0:00:45]} 1-0

[Event "April 9 Early 2024"]
[Site "Chess.com"]
[Date "2024.04.09"]
[Round "6"]
[White "Lauda, Alexandr"]
[Black "Murthy, Pappu"]
[Result "1-0"]
[Board "231"]
[WhiteFideId "13903179"]
[BlackFideId "2013401"]
[WhiteTitle "CM"]
[WhiteElo "2291"]
[BlackElo "1946"]
[WhiteTeam "MDA"]
[BlackTeam "USA"]
[WhiteClock "0:00:19"]
[BlackClock "0:00:11"]
[Variant "Standard"]

1. e4 {[%clk 0:03:00]}  e6 {[%clk 0:02:56]} 2. d4 {[%clk 0:03:00]}  d5 {[%clk 0:02:56]} 3. e5 {[%clk 0:03:00]}  c5 {[%clk 0:02:55]} 4. c3 {[%clk 0:03:00]}  Nc6 {[%clk 0:02:55]} 5. Nf3 {[%clk 0:03:00]}  Qb6 {[%clk 0:02:55]} 6. Bd3 {[%clk 0:02:57]}  cxd4 {[%clk 0:02:53]} 7. cxd4 {[%clk 0:02:58]}  Bd7 {[%clk 0:02:51]} 8. O-O {[%clk 0:02:57]}  Nxd4 {[%clk 0:02:50]} 9. Nxd4 {[%clk 0:02:58]}  Qxd4 {[%clk 0:02:51]} 10. Nc3 {[%clk 0:02:57]}  a6 {[%clk 0:02:50]} 11. Qe2 {[%clk 0:02:53]}  Rc8 {[%clk 0:02:49]} 12. Kh1 {[%clk 0:02:48]}  Ne7 {[%clk 0:02:21]} 13. f4 {[%clk 0:02:42]}  Nc6 {[%clk 0:02:20]} 14. Be3 {[%clk 0:02:38]}  Qb4 {[%clk 0:02:19]} 15. a3 {[%clk 0:01:52]}  Qb3 {[%clk 0:02:04]} 16. Rad1 {[%clk 0:01:04]}  Be7 {[%clk 0:01:54]} 17. Bb1 {[%clk 0:00:59]}  Qc4 {[%clk 0:01:39]} 18. Qf2 {[%clk 0:00:45]}  Na5 {[%clk 0:01:17]} 19. Ba2 {[%clk 0:00:25]}  Qc6 {[%clk 0:01:13]} 20. f5 {[%clk 0:00:25]}  O-O {[%clk 0:01:04]} 21. f6 {[%clk 0:00:25]}  Bd8 {[%clk 0:00:54]} 22. Qg3 {[%clk 0:00:22]}  g6 {[%clk 0:00:51]} 23. Qg5 {[%clk 0:00:22]}  Kh8 {[%clk 0:00:44]} 24. Qh6 {[%clk 0:00:22]}  Rg8 {[%clk 0:00:44]} 25. Rd4 {[%clk 0:00:20]}  g5 {[%clk 0:00:32]} 26. Bb1 {[%clk 0:00:20]}  Rg6 {[%clk 0:00:11]} 27. Bxg6 {[%clk 0:00:19]} 1-0

[Event "April 9 Early 2024"]
[Site "Chess.com"]
[Date "2024.04.09"]
[Round "6"]
[White "Vincenti, Leonardo"]
[Black "Skiadopoulos, Nikolaos"]
[Result "0-1"]
[Board "232"]
[WhiteFideId "28550820"]
[BlackFideId "4200772"]
[WhiteTitle "CM"]
[BlackTitle "CM"]
[WhiteElo "2289"]
[BlackElo "1879"]
[WhiteTeam "ITA"]
[BlackTeam "GRE"]
[WhiteClock "0:01:21"]
[BlackClock "0:01:30"]
[Variant "Standard"]

1. c4 {[%clk 0:03:00]}  c5 {[%clk 0:02:58]} 2. b4 {[%clk 0:02:59]}  cxb4 {[%clk 0:02:52]} 3. Bb2 {[%clk 0:02:59]}  Nf6 {[%clk 0:02:43]} 4. g3 {[%clk 0:02:56]}  e6 {[%clk 0:02:41]} 5. Bg2 {[%clk 0:02:56]}  Be7 {[%clk 0:02:39]} 6. d4 {[%clk 0:02:53]}  d5 {[%clk 0:02:35]} 7. Nd2 {[%clk 0:02:51]}  O-O {[%clk 0:02:29]} 8. Ngf3 {[%clk 0:02:50]}  a5 {[%clk 0:02:17]} 9. O-O {[%clk 0:02:38]}  dxc4 {[%clk 0:02:12]} 10. Nxc4 {[%clk 0:02:37]}  b5 {[%clk 0:02:12]} 11. Nfe5 {[%clk 0:02:32]}  Ra6 {[%clk 0:02:08]} 12. Nd2 {[%clk 0:02:31]}  Rd6 {[%clk 0:01:58]} 13. e4 {[%clk 0:02:19]}  Rxd4 {[%clk 0:01:56]} 14. Bxd4 {[%clk 0:02:19]}  Qxd4 {[%clk 0:01:55]} 15. Nef3 {[%clk 0:02:12]}  Qd3 {[%clk 0:01:46]} 16. Rc1 {[%clk 0:02:11]}  Bb7 {[%clk 0:01:45]} 17. e5 {[%clk 0:02:10]}  Nd5 {[%clk 0:01:42]} 18. Qb3 {[%clk 0:02:05]}  Nc3 {[%clk 0:01:39]} 19. a3 {[%clk 0:01:35]}  Bxf3 {[%clk 0:01:31]} 20. Nxf3 {[%clk 0:01:34]}  Ne2+ {[%clk 0:01:30]} 21. Kh1 {[%clk 0:01:21]}  Qxb3 {[%clk 0:01:30]} 0-1